Infraestructura física de los sistemas (Registro nro. 65917)

Detalles MARC
000 -CABECERA
campo de control de longitud fija 00870nam a2200277Ia 4500
001 - NÚMERO DE CONTROL
campo de control 65917
003 - IDENTIFICADOR DEL NÚMERO DE CONTROL
campo de control 138727
005 - FECHA Y HORA DE LA ÚLTIMA TRANSACCIÓN
campo de control 20241210062819.0
008 - DATOS DE LONGITUD FIJA--INFORMACIÓN GENERAL
campo de control de longitud fija ||||||n9999 ||| || ||
041 ## - CÓDIGO DE LENGUA
Código de lengua del texto/banda sonora o título independiente spa
100 ## - ENTRADA PRINCIPAL--NOMBRE DE PERSONA
Nombre de persona Romero, Maria Helena
9 (RLIN) 90044
245 #0 - MENCIÓN DE TÍTULO
Título Infraestructura física de los sistemas
Mención de responsabilidad, etc. dirigido por María Helena Romero.
260 ## - PUBLICACIÓN, DISTRIBUCIÓN, ETC.
Lugar de publicación, distribución, etc. Bogotá :
Nombre del editor, distribuidor, etc. MIDEC,
Fecha de publicación, distribución, etc. 1998.
300 ## - DESCRIPCIÓN FÍSICA
Extensión 134h.
562 ## - NOTA DE IDENTIFICACIÓN DE LA COPIA Y VERSIÓN
Número de copias 2
650 #0 - PUNTO DE ACCESO ADICIONAL DE MATERIA--TÉRMINO DE MATERIA
Término de materia o nombre geográfico como elemento de entrada Acueducto y alcantarillado
9 (RLIN) 15547
650 #0 - PUNTO DE ACCESO ADICIONAL DE MATERIA--TÉRMINO DE MATERIA
Término de materia o nombre geográfico como elemento de entrada Agua potable
9 (RLIN) 7552
650 ## - PUNTO DE ACCESO ADICIONAL DE MATERIA--TÉRMINO DE MATERIA
Término de materia o nombre geográfico como elemento de entrada ANALISIS SITUACIONAL
9 (RLIN) 2942
650 ## - PUNTO DE ACCESO ADICIONAL DE MATERIA--TÉRMINO DE MATERIA
Término de materia o nombre geográfico como elemento de entrada EMPRESAS DE SERVICIOS PÚBLICOS DOMICILIARIOS
9 (RLIN) 90045
650 #0 - PUNTO DE ACCESO ADICIONAL DE MATERIA--TÉRMINO DE MATERIA
Término de materia o nombre geográfico como elemento de entrada Protección del medio ambiente
9 (RLIN) 2403
650 ## - PUNTO DE ACCESO ADICIONAL DE MATERIA--TÉRMINO DE MATERIA
Término de materia o nombre geográfico como elemento de entrada SERVICIO DE ASEO
9 (RLIN) 90046
650 ## - PUNTO DE ACCESO ADICIONAL DE MATERIA--TÉRMINO DE MATERIA
Término de materia o nombre geográfico como elemento de entrada SERVICIOS PÚBLICOS
9 (RLIN) 90047
650 #0 - PUNTO DE ACCESO ADICIONAL DE MATERIA--TÉRMINO DE MATERIA
Término de materia o nombre geográfico como elemento de entrada Servicios públicos domiciliarios
9 (RLIN) 11940
650 ## - PUNTO DE ACCESO ADICIONAL DE MATERIA--TÉRMINO DE MATERIA
Término de materia o nombre geográfico como elemento de entrada SISTEMAS DE ACUEDUCTO
9 (RLIN) 90048
942 ## - ELEMENTOS DE PUNTO DE ACCESO ADICIONAL (KOHA)
Tipo de ítem Koha Documento Gobierno
Existencias
Estado de retiro Estado de pérdida Estado dañado No para préstamo Código de colección Localización permanente Ubicación/localización actual Coste, precio normal de compra Total de préstamos Signatura topográfica completa Código de barras Número de copia Tipo de ítem Koha
        Documentos de Gobierno Bogotá - Sede Central Bogotá - Sede Central 35000.00   D.G.1941 v1 62909 1 Documento Gobierno
        Documentos de Gobierno Bogotá - Sede Central Bogotá - Sede Central 35000.00   D.G.1941 v1 e2 92491 2 Documento Gobierno